000 00315 a2200109 4500
000 nam a22 7a 4500
005 20260312102457.0
100 _aRohlf, James W
_91131750
245 _aGuide to classical physics: Using mathematica for calculations and visualizations
260 _bCRC Press
_c2025
942 _cAUD
999 _c1715175
_d1715175